¿Puede ocurrir Evo Morales en Guatemala ? /
Furkejuvvon:
| Váldodahkki: | |
|---|---|
| Materiálatiipa: | Texto |
| Fáddágilkorat: |
Lasit fáddágilkoriid
Eai fáddágilkorat, Lasit vuosttaš fáddágilkora!
|
MARC
| LEADER | 00000 a a2200000 04500 | ||
|---|---|---|---|
| 001 | 7187 | ||
| 003 | |||
| 040 | |||
| 100 | |a Hernández Pico, Juan | ||
| 245 | |a ¿Puede ocurrir Evo Morales en Guatemala ? / |c Juan Hernández Pico | ||
| 773 | |g volumen 25, número 293; páginas 31-38 | ||
| 999 | |c 26418 |d 26418 | ||
